00273nam a2200097Ia 4500008004100000100002300041245005300064260003200117300000800149650001800157191201s2015 xx 000 0 und d aEISENSTEIN,Charles 0aMore Beautiful World Our Hearts Know is Possible aN. DelhibBanyan Treec2015 a276 aGeneral Books